LOS DESAFIOS DEL DESARROLLO SOCIAL/

Na minha lista:
Detalhes bibliográficos
Outros Autores: Aguilera, Manuel (autor) (autor)
Formato: Livro
Colecção:MESAS REDONDAS; 31
Assuntos:
Tags: Adicionar Tag
Sem tags, seja o primeiro a adicionar uma tag!

MARC

LEADER 00000nam^a2200000^a^4500
001 000224400
005 20250521000000.0
009 20260310104048.353
020 |a 968-6352-01-5 
035 |a 043483 
037 |a Acervo Xavier Clavigero 
082 |a 305. 972  |b DES 
245 1 4 |a LOS DESAFIOS DEL DESARROLLO SOCIAL/  |c MANUEL AGUILERA ...[ ET. AL.] 
264 |a MEXICO :  |b EL DIA EN LIBROS,  |c 1989 
300 |a 240p. 
336 |a texto  |b txt  |2 rdacontenido 
337 |a sin mediación  |b n  |2 rdamedio 
338 |a volumen  |b nc  |2 rdasoporte 
440 |a MESAS REDONDAS;  |v 31 
649 |a XX 
650 |a Política Social -  |z México 
650 |a México -  |x Condiciones Sociales y Culturales 
700 |a Aguilera, Manuel  |e (autor) 
910 |a Fondo General 
920 |a Impresos - Libros 
930 |a Colección General 
905 |a 101 
901 |a 043483  |b IT1  |c ACC  |i 043483  |u 20250521 
902 |a https://opac.biblio.iteso.mx/vufind/Record/000224400